[Event "POL-chT 51st"]
[Site "Lubniewice"]
[Date "1995.09.??"]
[Round "8"]
[White "Dabrowska, Krystyna"]
[Black "Litynska, Marta"]
[Result "0-1"]
[WhiteElo "2255"]
[BlackElo "2350"]
[PlyCount "36"]
[EventDate "1995.09.14"]
[EventType "team-tourn"]
[EventRounds "11"]
[EventCountry "POL"]
[SourceTitle "EXT 2019"]
[Source "ChessBase"]
[SourceDate "2018.10.10"]
[SourceVersion "1"]
[SourceVersionDate "2018.10.10"]
[SourceQuality "1"]
[WhiteTeam "Plock PTSz"]
[BlackTeam "Gdansk Gedania"]
[WhiteTeamCountry "POL"]
[BlackTeamCountry "POL"]

1. e4 c5 2. Nf3 d6 3. d4 cxd4 4. Nxd4 Nf6 5. Nc3 a6 6. Bc4 e6 7. Bb3 Nbd7 8. f4 Nc5 9. 0-0 Nfxe4 10. Nxe4 Nxe4 11. f5 e5 12. Ne6 Qb6+ 13. Kh1 fxe6 14. Qh5+ Kd8 15. Bg5+ Kc7 16. Qf7+ Kb8 17. Bh4 exf5 18. Qe8 Qc6 0-1